000 00538nam a2200193Ia 4500
003 GCL
008 140319s9999 xx 000 0 ara d
040 _aGCL /
_cGCL
082 0 4 _a814.008
_bا ش
100 1 _aانيس منصور
245 1 0 _aشباب شباب /
_cانيس منصور
250 _aالثانية
260 _aالقاهرة :
_bدار الشروق ،
_c1990
300 _a409 ص ؛
_c20 سم
490 _a
650 0 4 _aالادب العربى
650 0 4 _aالمقالات العربية
942 _2ddc
_cBK
999 _c55967
_d55967